Prokreacja w rodzinie

Salvato in:
Dettagli Bibliografici
Natura: Libro
Lingua:polacco
Pubblicazione: Warszawa Glówny urzad statystyczny 1989
Edizione:1. wyd.
Serie:Studia i prace 18
Tags: Aggiungi Tag
Nessun Tag, puoi essere il primo ad aggiungerne!!

MARC

LEADER 00000nam a2200000 4500
001 c022146
005 20221215130323.5
041 0 |a pol 
044 |a PL 
245 1 0 |a Prokreacja w rodzinie 
250 |a 1. wyd. 
264 1 |a Warszawa  |b Glówny urzad statystyczny  |c 1989 
300 |a 95 s. 
490 1 |a Studia i prace  |v 18 
830 0 |a Studia i prace  |v 18